000 00825cam a2200265 a 4500
001 000005317
005 20200929151637.0
008 000228s2001 sp 000 1 spa
020 _a8466302956
040 _aDO-SdBNP
_bspa
_cBNPHU
082 _a813.54
_bP994ó
100 1 _aPuzo, Mario,
_d1920-1999.
_911542
240 1 0 _aOmertá.
_lEspañol
245 1 0 _aOmertá /
_cMario Puzo ; traductor, María Antonia Menini.
260 _a[Madrid] :
_bSuma de Letras,
_c2001.
300 _a488 p. ;
_c18 cm.
490 1 _aPunto de lectura
_v161/1
534 _pTítulo original :
_tOmertá
650 4 _aNovela estadounidense
_9262
650 4 _aLiteratura estadounidense
_9263
700 1 _aMenini, María Antonia,
_etr.
_911885
830 0 _aPunto de lectura ;
_v161/1
_93047
910 _aCatalogación derivada
910 _aWM
999 _c5118
_d5118